| 000 | 01091nam a22002777a 4500 | ||
|---|---|---|---|
| 005 | 20240530110516.0 | ||
| 008 | 160201s2013 ua ao f b 000 0dara d | ||
| 017 |
_a2013/16790 _bمصر . دار الكتب المصرية |
||
| 020 | _a9789777184892 | ||
| 040 | _aEG-CaGPL | ||
| 082 | 0 | 4 |
_221 _a791.43 _bق/أ ى |
| 100 | 0 | _aاحمد رافت بهجت | |
| 245 | 1 | 2 |
_aاليهود و السينما فى مصر و العلم العربى / _bتاليف احمد رافت بهجت |
| 250 | _aط1 | ||
| 260 |
_aالقاهرة : _bالهيئة العامة لقصور الثقافة ، _c2013 . |
||
| 300 |
_a487 ص : _bصور ؛ _c24 سم . |
||
| 490 |
_aافاق السينما ؛ _v73 |
||
| 504 | _aيشتمل على ارجاعات ببليوجرافية | ||
| 650 | 0 | 4 | _aالافلام السينمائية |
| 650 | 0 | 4 | _aالتمثيل فى السينما |
| 650 | 0 | 4 | _aاليهود فى السينما |
| 650 | 0 | 4 | _aالممثلون والممثلات |
| 650 | 0 | 4 |
_aالسينما _xصناعة و تجارة |
| 942 |
_2ddc _cBK |
||
| 999 |
_c61787 _d61787 |
||